| 000 | nam a22 7a 4500 | ||
|---|---|---|---|
| 999 |
_c142635 _d142633 |
||
| 005 | 20180711124305.0 | ||
| 008 | 180711b2018 mx ||||| |||| 001 0dspa d | ||
| 020 | _a9786071655554 | ||
| 050 | 0 | 4 |
_aKGF3053 _bS65 2018 |
| 100 | 1 |
_aSolís Acero, Felipe, _eautor |
|
| 245 | 1 | 0 |
_aReforma político-electoral / _cFelipe Solís Acero. |
| 250 | _aPrimera edición | ||
| 260 |
_aMéxico : _bFondo de Cultura Económica, _cc2018 |
||
| 300 |
_a157 páginas ; _c21 cm. |
||
| 490 | 0 | _aAdministración pública : Reformas Estructurales | |
| 504 | _aBibliografía : p. 152-154 | ||
| 504 | _aIncluye índice | ||
| 650 | 7 |
_2lemb _aElecciones _xReforma _zMéxico |
|
| 650 | 7 |
_2lemb _aPartidos políticos _xReformas _zMéxico |
|
| 942 |
_2lcc _cLIB |
||